Rayos de luz practica (Record no. 5266)
[ view plain ]
| 000 -LEADER | |
|---|---|
| campo de control de longitud fija | 00891nam a2200217 i 4500 |
| 001 - NÚMERO DE CONTROL | |
| campo de control | 5266 |
| 003 - IDENTIFICADOR DE NÚMERO DE CONTROL | |
| campo de control | ES-MaACL |
| 005 - FECHA Y HORA DE LA ÚLTIMA TRANSACCIÓN | |
| campo de control | 20230909112746.0 |
| 007 - CAMPO FIJO DE DESCRIPCIÓN FÍSICA--INFORMACIÓN GENERAL | |
| campo de control de longitud fija | her |
| 008 - DATOS DE LONGITUD FIJA--INFORMACIÓN GENERAL | |
| campo de control de longitud fija | 900426r19901731sp a |||| | spa d |
| 080 ## - NÚMERO DE LA CLASIFICACIÓN DECIMAL UNIVERSAL | |
| Número de la Clasificación Decimal Universal | 616.9 |
| 100 1# - ENTRADA PRINCIPAL--NOMBRE DE PERSONA | |
| Nombre de persona | Pacheco Ortiz, Félix. |
| 9 (RLIN) | 88136 |
| 245 10 - MENCIÓN DEL TÍTULO | |
| Título | Rayos de luz practica |
| Resto del título | : [Microforma] ; con que don Felix Pacheco... desvanece las sombras con que el doctor don Francisco Sanz... intento obscurecer la hypothesis de fiebres del doctor don Martin Martinez... del doctor don Luis Enriquez. |
| 260 ## - PUBLICACIÓN, DISTRIBUCIÓN, ETC. | |
| Lugar de publicación, distribución, etc. | Madrid : |
| Nombre del editor, distribuidor, etc. | Ateneo Cientifico, Literario y Artistico, |
| Fecha de publicación, distribución, etc. | 1990. |
| 300 ## - DESCRIPCIÓN FÍSICA | |
| Extensión | 1 carrete de microfilme : |
| Otras características físicas | negativo ; |
| Dimensiones | 16 mm. |
| 500 ## - NOTA GENERAL | |
| Nota general | Publicado originalmente: Madrid, Impr. Isabel Nicasia Barbaran, 1731. |
| 650 14 - PUNTO DE ACCESO ADICIONAL DE MATERIA--TÉRMINO DE MATERIA | |
| Término de materia o nombre geográfico como elemento de entrada | Obras anteriores a 1800. |
| 9 (RLIN) | 15661 |
| 852 ## - LOCALIZACIÓN | |
| Ubicación | ES-MaACL |
| Número de control de estantería | MC-387 |
| itemnumber | 5383 |
| 942 ## - ELEMENTOS DE ENTRADA SECUNDARIOS (KOHA) | |
| Fuente del sistema de clasificación o colocación | Clasificación decimal universal |
| Tipo de ítem Koha | Microforma |
| Estatus retirado | Estado de pérdida | Fuente del sistema de clasificación o colocación | Estado de daño | No para préstamo | Colección | Biblioteca de origen | Biblioteca actual | Ubicación en estantería | Fecha de adquisición | Total de préstamos | Signatura topográfica completa | Código de barras | Visto por última vez | Precio de reemplazo | Tipo de ítem Koha |
|---|---|---|---|---|---|---|---|---|---|---|---|---|---|---|---|
| Clasificación decimal universal | Libros del s. XVII | Biblioteca del Ateneo de Madrid | Biblioteca del Ateneo de Madrid | Depósito 1 | 17/01/2008 | MC-387 | 1005329 | 23/02/2023 | 23/02/2023 | Libro impreso |
